|
|
|
|
| LEADER |
00000cam a2200000 a 4500 |
| 001 |
vtls008331385 |
| 003 |
SK-MaSNL |
| 005 |
20260301222800.0 |
| 008 |
251124s1971 xo 000 0 hun |
| 015 |
|
|
|a SNBA1971/02-00355
|
| 020 |
|
|
|q (viaz.)
|
| 035 |
|
|
|a SK01SNK19710023602
|
| 035 |
|
|
|a SKM000026065
|
| 040 |
|
|
|a SNK
|b slo
|c SNK
|e AACR2
|
| 041 |
1 |
|
|a hun
|h slo
|
| 044 |
|
|
|a xo
|c SK
|
| 080 |
|
|
|a 323+327(437)KSČ"1969/1970"=945.11
|2 1981
|
| 080 |
|
|
|a 329.15(437)KSČ"1969/1970"=945.11
|2 1981
|
| 100 |
1 |
|
|a Husák, Gustáv,
|d 1913-1991
|4 aut
|9 113908
|
| 245 |
1 |
0 |
|a Gustáv Husák beszédei és nyilatkozatai
|b 1969 áprílis - 1970 áprílis
|c Gustáv Husák
|
| 260 |
|
|
|a Bratislava
|b Pravda
|c 1971
|e Bratislava
|f Pravda
|
| 300 |
|
|
|a 453, [5] s.
|c 8°
|
| 500 |
|
|
|a Odkazy na lit.
|
| 563 |
|
|
|a 1800 výtl.
|
| 610 |
2 |
7 |
|a Komunistická strana Československa
|2 SNKKA
|9 32256
|
| 648 |
|
7 |
|a 1969-1970
|2 SNKPH
|9 388838
|
| 655 |
|
7 |
|a prejavy
|2 SNKPH
|9 70401
|
| 958 |
|
|
|a OND
|
| 958 |
|
|
|a TL
|
| 958 |
|
|
|a RK
|
| 958 |
|
|
|a NB
|
| 958 |
|
|
|a EUIPO
|
| 999 |
|
|
|c 941021
|d 942951
|
| 952 |
|
|
|a SNK
|b SNK
|y PREZ
|7 0
|o snkSC 27091
|0 0
|1 0
|4 0
|d 2018-02-14
|l 0
|r 2026-02-24 09:18:09
|w 2026-02-24
|
| 952 |
|
|
|a SNK
|b SNK
|y VYP
|7 0
|o snkSC 27091 D1
|0 0
|1 0
|4 0
|d 2018-02-14
|l 0
|r 2026-02-24 09:18:09
|w 2026-02-24
|